000 00746nam a2200241 a 4500
001 000013275
003 DO-SdBNP
005 20240305073651.0
008 091123s2004 dr a 000 0 spa d
020 _a8482615564
040 _aDO-SdBNP
_bspa
_cBNPHU
082 _bG216L
100 1 _aGarcía Escobar, Obdulia
_929560
245 1 0 _aLectura :
_cObdulia García de Escobar ; editor Manuel García Cartagena ; Manuel García Cartagena
_beducación básica 1 /
260 _aSanto Domingo :
_bSantillana,
_c2004.
300 _a95 p. :
_bil. ;
_c28 cm.
490 _aSerie Ambar
590 _aInventariado, 2022 / DG
700 1 _aGarcía Cartagena, Manuel
_eed.
_912067
830 _nSerie Ambar
_981508
910 _aDG
942 _2ddc
_cLBS1
999 _c51589
_d51589